000 00832nam a2200253 a 4500
001 000022847
003 DO-SdBNP
005 20250224094640.0
008 101119s1965 mx r 001 0 spa d
040 _aDO-SdBNP
_bspa
_cBNPHU
049 _aBNGR
082 _aNNNN
_bT588p
100 1 _aTingsten, Herbert,
_d1896-1973
_946955
240 1 4 _aThe problem of democracy.
_lEspañol.
245 1 3 _aEl problema de la democracia /
_cHerbert Tingsten ; tadución de Sara Galofre Llanos.
260 _aMéxico :
_bDiana,
_c1965.
300 _a223 p. , ;
_c18 cm.
490 1 _aModerna
_v129
504 _aIncluye referencias bibliográficas y notas al pie de las páginas.
534 _pTítulo original:
_tThe problem of democracy.
700 1 _aGalofre Llanos, Sara,
_etr.
_946957
830 0 _aModerna ;
_946958
942 _2ddc
_cLBS1
999 _c22344
_d22344